シェンゲン協定加盟国 - Statistics

General Stats
  • This quiz has been taken 12 times
  • The average score is 14 of 29
Answers on the Grid
Answers color-coded by a green-red scale on the quiz's grid according to % correct below.
フランス
ポルトガル
スペイン
アンドラ
ベルギー
オランダ
ルクセンブルク
イギリス
アイルランド
アイスランド
ドイツ
スイス
リヒテンシュタイン
チェコ
オーストリア
イタリア
サンマリノ
バチカン
モナコ
デンマーク
スウェーデン
ノルウェー
フィンランド
ロシア
ポーランド
スロバキア
スロベニア
ハンガリー
クロアチア
ルーマニア
ブルガリア
ギリシャ
マルタ
ラトビア
リトアニア
エストニア
ボスニア
ベラルーシ
ウクライナ
モルドバ
セルビア
モンテネグロ
北マケドニア
コソボ
アルバニア
キプロス
トルコ
ジョージア
アルメニア
カナダ
アメリカ
 
Answer Stats
Answer % Correct
ベルギー
88%
オーストリア
75%
フランス
63%
オランダ
63%
ドイツ
63%
イタリア
63%
デンマーク
63%
ポーランド
63%
ラトビア
63%
リトアニア
63%
スペイン
50%
ルクセンブルク
50%
スウェーデン
50%
スロベニア
50%
ハンガリー
50%
クロアチア
50%
ポルトガル
38%
スイス
38%
フィンランド
38%
ルーマニア
38%
ギリシャ
38%
エストニア
38%
アイスランド
25%
チェコ
25%
ノルウェー
25%
スロバキア
25%
ブルガリア
25%
マルタ
25%
リヒテンシュタイン
13%
No matching quizzes found
Score Distribution
Percent of People with Each Score
Percentile by Number Answered
Your Score History
You have not taken this quiz